"Herausforderung Gewalt": (Jugend)Gewalt am Präventionsort Schule wirksam begegnen

Saved in:  
Bibliographic Details
Authors: Honer, Christiane (Author) ; Schwarz-Saage, Renate (Author)
Format: Print Article
Language:German
Published: 2023
In: Kinder im Fokus der Prävention
Year: 2023, Pages: 509-514
Check availability: HBZ Gateway
Keywords:

MARC

LEADER 00000naa a2200000 c 4500
001 1937518965
003 DE-627
005 20251001153207.0
007 tu
008 251001s2023 xx ||||| 00| ||ger c
020 |a 9783964100269 
035 |a (DE-627)1937518965 
035 |a (DE-599)KXP1937518965 
040 |a DE-627  |b ger  |c DE-627  |e rda 
041 |a ger 
084 |a 2,1  |2 ssgn 
100 1 |a Honer, Christiane  |e VerfasserIn  |0 (DE-588)1339529955  |0 (DE-627)1899161449  |4 aut 
109 |a Honer, Christiane 
245 1 0 |a "Herausforderung Gewalt"  |b (Jugend)Gewalt am Präventionsort Schule wirksam begegnen  |c Christiane Honer, Renate Schwarz-Saage 
246 3 0 |a Jugendgewalt 
264 1 |c 2023 
336 |a Text  |b txt  |2 rdacontent 
337 |a ohne Hilfsmittel zu benutzen  |b n  |2 rdamedia 
338 |a Band  |b nc  |2 rdacarrier 
650 4 |a Gewalt  |7 (dpeaa)DE-21/25-fid2,1 
650 4 |a Jugend  |7 (dpeaa)DE-21/25-fid2,1 
650 4 |a Schule  |7 (dpeaa)DE-21/25-fid2,1 
650 4 |a Historische Entwicklung  |7 (dpeaa)DE-21/25-fid2,1 
650 4 |a Kriminalprävention  |7 (dpeaa)DE-21/25-fid2,1 
650 4 |a Prävention  |7 (dpeaa)DE-21/25-fid2,1 
650 4 |a Polizei  |7 (dpeaa)DE-21/25-fid2,1 
700 1 |a Schwarz-Saage, Renate  |e VerfasserIn  |0 (DE-588)1350497541  |0 (DE-627)1911195670  |4 aut 
773 0 8 |i Enthalten in  |a Deutscher Präventionstag (27. : 2022 : Hannover; Online)  |t Kinder im Fokus der Prävention  |d Mönchengladbach : Forum Verlag Godesberg, 2023  |g (2023), Seite 509-514  |h 580 Seiten  |w (DE-627)1868591344  |z 9783964100269  |7 nnam 
773 1 8 |g year:2023  |g pages:509-514 
951 |a AR 
ELC |b 1 
LOK |0 000 xxxxxcx a22 zn 4500 
LOK |0 001 4778591941 
LOK |0 003 DE-627 
LOK |0 004 1937518965 
LOK |0 005 20251001153207 
LOK |0 008 251001||||||||||||||||ger||||||| 
LOK |0 040   |a DE-21-110  |c DE-627  |d DE-21-110 
LOK |0 852   |a DE-21-110 
LOK |0 852 1  |m p  |9 00 
LOK |0 938   |k p 
LOK |0 939   |a 01-10-25  |b l01 
ORI |a SA-MARC-krimdoka001.raw